[Event "55smm B Arci2-Merania"]
[Site "?"]
[Date "2024.03.09"]
[Round "9.1"]
[White "Niederstaetter, Harald"]
[Black "Bonagura, Stefano"]
[Result "0-1"]
[WhiteElo "1869"]
[BlackElo "2171"]
[PlyCount "84"]
[EventDate "2024.03.09"]

{[%evp 0,84,19,-31,-6,-1,-36,-32,4,-26,-14,-18,-18,-19,-13,-13,0,24,12,17,69,
83,87,110,116,126,117,91,125,141,119,110,104,121,136,86,8 6,119,130,116,163,61,
62,51,59,30,42,41,98,-54,-47,-205,-277,-259,-235,-277,-288,-301,-283,-294,-290,
-299,-273,-265,-299,-276,-2 86,-276,-245,-301,-307,-322,-308,-395,-419,-409,
-361,-359,-360,-385,-276,-273,-196,-373,-394,-393,-394]} 1. b3 e5 2. Bb2 Nc6 3.
e3 d6 4. d4 exd4 5. exd4 Nf6 6. Nf3 Bf5 7. d5 Nb4 8. Nd4 Qe7+ 9. Be2 Bg4 10. c4
Bxe2 11. Nxe2 Qe4 12. O-O O-O-O 13. Bxf6 gxf6 14. Nbc3 Qg6 15. Nf4 Qf5 16. a3
Na6 17. Qd4 Bh6 18. Nfe2 Nc5 19. Rab1 Rhg8 20. Ng3 Qe5 21. Rfd1 Rde8 22. b4 Nd7
23. Rd3 f5 24. Qxe5 Nxe5 25. Rd4 f4 26. Nf5 Nf3+ 27. Kf1 Nxh2+ 28. Kg1 Nf3+ 29.
Kf1 Nxd4 30. Nxd4 Bg7 31. Nce2 Bxd4 32. Nxd4 Re5 33. Rb3 Reg5 34. Rf3 Rxg2 35.
Ke2 Rg1 36. c5 Re8+ 37. Kd2 Re4 38. Kd3 Re5 39. Rxf4 Rxd5 40. Kc4 c6 41. cxd6
Rc1+ 42. Kb3 Rxd6 0-1

[Event "55smm B Arci2-Merania"]
[Site "?"]
[Date "2024.03.09"]
[Round "9.2"]
[White "Lami, Damiano"]
[Black "Rinaldo, Gaetano"]
[Result "1-0"]
[WhiteElo "2056"]
[BlackElo "1669"]
[PlyCount "77"]
[EventDate "2024.03.09"]

1. e4 e6 2. d4 d5 3. Nd2 Nf6 4. e5 Nfd7 5. f4 c5 6. c3 Nc6 7. Ndf3 Qa5 8. Be3
cxd4 9. Nxd4 Nxd4 10. Bxd4 Be7 11. Nf3 f6 12. Bd3 O-O 13. O-O Qc7 14. Qe2 Nb6
15. Kh1 Bd7 16. Nh4 f5 17. Nf3 Qd8 18. Rg1 Kh8 19. g4 g6 20. gxf5 gxf5 21. Ng5
Bxg5 22. Rxg5 Qe7 23. Bxf5 Rg8 24. Rgg1 Rxg1+ 25. Rxg1 Rg8 26. Rxg8+ Kxg8 27.
Qg4+ Kf8 28. Bd3 Na4 29. f5 Nxb2 30. f6 Qf7 31. Bc5+ Ke8 32. Be2 Qg6 33. Qxg6+
hxg6 34. Bxa7 Nc4 35. Bd4 Ba4 36. h4 Bc2 37. h5 Kf7 38. h6 g5 39. Bh5+ 1-0

[Event "55smm B Arci2-Merania"]
[Site "?"]
[Date "2024.03.09"]
[Round "9.5"]
[White "Rizzardi, Roberto"]
[Black "Wild, Alex"]
[Result "0-1"]
[WhiteElo "1587"]
[BlackElo "1576"]
[PlyCount "66"]
[EventDate "2024.03.09"]

{[%evp 0,66,26,12,11,11,11,11,11,11,9,9,10,13,17,-16,-6,-31,-21,-11,0,-15,-10,
-23,8,8,8,8,8,-41,15,11,12,-23,-47,-70,-56,-108,-81,-88, -24,-32,-24,-24,13,18,
39,33,18,35,3,-71,2,-13,6,0,13,-50,-55,-55,-44,-97,-184,-188,-251,-225,-208,
-552,-564]} 1. e4 e5 2. Nf3 Nc6 3. Bc4 Nf6 4. d3 Bc5 5. O-O O-O 6. Bg5 h6 7.
Bh4 d6 8. h3 Be6 9. Nbd2 a6 10. a3 Ba7 11. b4 Kh8 12. c3 g5 13. Bg3 Nh5 14. Kh2
Nf4 15. Bxf4 gxf4 16. Qb3 Qf6 17. Rad1 Rg8 18. d4 Bxc4 19. Qxc4 Rac8 20. Nb3
Qg6 21. Rg1 Rg7 22. Qe2 Rcg8 23. Nh4 Qf6 24. Nf5 Rg5 25. Qf3 Ne7 26. dxe5 dxe5
27. Nxe7 Qxe7 28. Rd2 Qe6 29. Nc1 Qc6 30. Qd3 f5 31. Qd5 Qxd5 32. exd5 e4 33.
Re2 f3 0-1

[Event "55smm B Arci3-Groeden2"]
[Site "?"]
[Date "2024.03.09"]
[Round "9.5"]
[White "Perathoner, Manuel"]
[Black "Terletskyi, Oleh Mycola"]
[Result "0-1"]
[WhiteElo "1475"]
[BlackElo "1270"]
[PlyCount "148"]
[EventDate "2024.03.09"]

1. e4 d6 2. d4 Nf6 3. Nc3 g6 4. f3 c6 5. Be3 b5 6. Qd2 Nbd7 7. Nge2 Nb6 8. Ng3
h5 9. h4 Rb8 10. Rd1 Bg7 11. Be2 Nh7 12. Nb1 Nd7 13. c3 Bf6 14. Nf1 e5 15. g3
Be7 16. Na3 a6 17. Nc2 f5 18. exf5 gxf5 19. dxe5 Nxe5 20. Bf4 Bb7 21. Nfe3 Rf8
22. Nd4 Qc8 23. Nb3 Nf6 24. Bg5 c5 25. Bxf6 Rxf6 26. Nd5 Re6 27. O-O Bxd5 28.
Qxd5 Rg6 29. Kh2 f4 30. Rg1 fxg3+ 31. Rxg3 Rxg3 32. Kxg3 Qf5 33. Qg8+ Qf8 34.
Qxf8+ Kxf8 35. f4 Ng6 36. Rh1 Kg7 37. Bxh5 Rh8 38. Bxg6 Kxg6 39. Kg4 a5 40. h5+
Kh6 41. Kf5 a4 42. Nd2 Re8 43. Ne4 Rf8+ 44. Kg4 d5 45. Ng3 Rg8+ 46. Kf3 Rf8 47.
Re1 Bg5 48. Re6+ Kh7 49. Ne2 d4 50. cxd4 cxd4 51. Rd6 Bf6 52. Nxd4 Be5 53. Rd7+
Kh6 54. Ne2 Bxb2 55. Rd5 b4 56. Ng3 Bc3 57. Rd6+ Rf6 58. Rd5 b3 59. axb3 a3 60.
Nf5+ Rxf5 61. Rxf5 a2 62. Rb5 a1=Q 63. Rb6+ Kxh5 64. Rb5+ Kg6 65. Rb6+ Bf6 66.
b4 Qf1+ 67. Ke4 Qg2+ 68. Kd3 Qf3+ 69. Kc4 Qxf4+ 70. Kb5 Kf5 71. Ka6 Qf1+ 72.
Kb7 Bd4 73. Ra6 Qb5+ 74. Kc7 Qxa6 0-1

[Event "55smm B Lana-Naturns"]
[Site "Deutschnofen"]
[Date "2024.03.09"]
[Round "9.3"]
[White "Gurschler, Thomas"]
[Black "Menghin, Karl"]
[Result "1-0"]
[WhiteElo "1824"]
[BlackElo "1396"]
[PlyCount "67"]
[EventDate "2024.03.09"]

{[%evp 0,67,19,31,73,62,52,44,41,21,24,23,37,26,36,20,26,23,26,26,30,-32,13,9,
12,12,37,18,18,16,51,40,54,8,105,81,95,61,61,44,55,41,73 ,41,94,87,95,36,154,
146,135,121,177,190,175,186,186,200,211,212,233,233,253,268,282,257,326,320,
344,354]} 1. d4 g6 2. Bf4 Bg7 3. e3 Nf6 4. Nd2 d6 5. h3 Nbd7 6. Ngf3 c5 7. c3
b6 8. Bc4 O-O 9. O-O Bb7 10. Qb3 d5 11. Be2 c4 12. Qc2 e6 13. a4 a6 14. Ne5 Nb8
15. Bf3 Qe7 16. Bh2 b5 17. b3 Nbd7 18. bxc4 Nxe5 19. Bxe5 bxc4 20. Rab1 Ra7 21.
Rb2 Nd7 22. Bxg7 Kxg7 23. Rfb1 Nf6 24. Nxc4 Rc8 25. Ne5 Qc7 26. c4 Nd7 27. Nxd7
Qxd7 28. c5 Bc6 29. a5 Rcc7 30. Rb6 Rcb7 31. Be2 Rxb6 32. Rxb6 Rb7 33. Qb2 Rxb6
34. Qxb6 1-0

[Event "55smm B Lana-Naturns"]
[Site "Deutschnofen"]
[Date "2024.03.09"]
[Round "9.4"]
[White "Mair, Christian Anton"]
[Black "Naegele, Norbert"]
[Result "0-1"]
[WhiteElo "1282"]
[BlackElo "1813"]
[PlyCount "60"]
[EventDate "2024.03.09"]

{[%evp 0,60,37,-64,-54,-50,-25,-17,-13,0,-19,-33,22,22,27,7,-5,4,-4,3,2,-24,
-25,-74,-33,-58,-47,-77,-41,-32,-25,-22,-22,-72,-66,-51,-3 5,-48,-13,-63,-57,
-85,-108,-113,-56,-56,-76,-41,-59,-49,-46,-40,-42,-44,-44,-44,-36,-54,-12,-87,
-99,-177,-203]} 1. b4 d5 2. Bb2 c6 3. e3 Nd7 4. Nf3 Ngf6 5. Be2 g6 6. O-O Bg7
7. c4 dxc4 8. Bxc4 Nb6 9. Bb3 O-O 10. d4 Nbd5 11. Ba3 Re8 12. Qc2 Bf5 13. Qc4
e6 14. Nbd2 Ne4 15. Nxe4 Bxe4 16. Ne1 Bf8 17. Bc2 Nf6 18. f3 Bxc2 19. Qxc2 Qb6
20. Rb1 Nd5 21. Qd2 a5 22. Nd3 axb4 23. Bxb4 Nxb4 24. Nxb4 Bxb4 25. Qxb4 Qxb4
26. Rxb4 Rxa2 27. Rxb7 Re2 28. e4 Rd2 29. Rc7 Ra8 30. h3 Raa2 0-1

[Event "55smm B Ridnaun-Klausen2"]
[Site "?"]
[Date "2024.03.09"]
[Round "9.1"]
[White "Schrott, Johann"]
[Black "Obermueller, Johann"]
[Result "1/2-1/2"]
[WhiteElo "1763"]
[BlackElo "1666"]
[PlyCount "56"]
[EventDate "2024.03.09"]

{[%evp 0,56,31,31,35,25,8,16,18,-19,25,29,13,19,38,12,18,26,-167,-188,-185,
-179,-188,-188,-196,-196,-196,-196,-196,-224,-225,-225,-211 ,-216,-214,-201,
-182,-171,-180,-199,-80,-76,-108,-108,-52,-124,-108,-131,-48,-67,-62,-85,-16,
-21,-25,-84,-50,-99,-103]} 1. e4 e5 2. Nf3 Nc6 3. Bb5 a6 4. Ba4 d6 5. d4 b5 6.
Bb3 Nxd4 7. Nxd4 exd4 8. Qxd4 c5 9. Qd5 Be6 10. Qc6+ Bd7 11. Qd5 c4 12. Bxc4
bxc4 13. Qxc4 Nf6 14. a4 Be7 15. Nc3 O-O 16. O-O Be6 17. Qd3 Qc8 18. Re1 Re8
19. Bg5 Nd7 20. Bxe7 Rxe7 21. Qxd6 Qc5 22. Qg3 Ne5 23. Rad1 Nc4 24. b3 Nb6 25.
Re3 Qc7 26. f4 f6 27. Qf3 Rd8 28. Rde1 Red7 1/2-1/2

[Event "55smm B Ridnaun-Klausen2"]
[Site "?"]
[Date "2024.03.09"]
[Round "9.2"]
[White "Sparber, Werner"]
[Black "Sigmund, Ingenuin"]
[Result "1-0"]
[WhiteElo "1645"]
[BlackElo "1543"]
[PlyCount "99"]
[EventDate "2024.03.09"]

{[%evp 0,99,35,40,44,-16,-9,-3,-3,30,26,25,37,-32,-23,-28,-37,0,-3,-35,10,-22,
-6,-6,0,-23,-7,-34,-24,-64,-17,-8,50,41,40,0,-3,-73,8,15 ,86,67,69,67,60,41,
119,51,160,101,153,137,166,123,98,40,71,91,64,85,86,64,47,78,90,80,100,0,0,
-145,106,78,105,150,142,144,141,3 0,176,192,212,219,350,357,875,1569,1760,1877,
2833,1006,1006,659,797,842,845,868,29985,839,29989,29994,29995,29996]} 1. d4
Nf6 2. c4 e6 3. Nc3 Bb4 4. Bd2 O-O 5. e3 b6 6. Qf3 Nc6 7. a3 Bxc3 8. Bxc3 d5 9.
Bd3 Bb7 10. Qh3 dxc4 11. Bxc4 Ne7 12. Ne2 Ned5 13. Bd2 Ne4 14. Bd3 Ndf6 15. Bc1
c5 16. f3 Ng5 17. Qh4 h6 18. Qf2 cxd4 19. exd4 Nd7 20. h4 Nh7 21. Qg3 Kh8 22.
Bd2 e5 23. Bc3 Rc8 24. Bf5 Rxc3 25. bxc3 exd4 26. cxd4 Ndf6 27. Qf2 Qd5 28.
Bxh7 Qa5+ 29. Kf1 Kxh7 30. Qe1 Qf5 31. Kg1 Re8 32. Qd2 Bxf3 33. gxf3 Qxf3 34.
Nf4 Qg4+ 35. Ng2 Re2 36. Qd3+ g6 37. Rh2 Nd5 38. Rf1 f5 39. Qf3 Qxd4+ 40. Kh1
Rd2 41. h5 Rd3 42. hxg6+ Kg7 43. Qxf5 Nf6 44. Rh4 Qd6 45. Rhf4 Rd5 46. Qxf6+
Qxf6 47. Rxf6 Ra5 48. R1f3 b5 49. Nh4 b4 50. Rf7+ 1-0

[Event "55smm B Taufers-Tramin/Kaltern2"]
[Site "?"]
[Date "2024.03.09"]
[Round "9.2"]
[White "Forer, Erich"]
[Black "Thaler, Elmar"]
[Result "1-0"]
[WhiteElo "1787"]
[BlackElo "1782"]
[PlyCount "61"]
[EventDate "2024.03.09"]

{[%evp 0,61,18,27,29,18,24,-9,12,12,16,21,19,15,27,7,8,-9,-19,-35,-29,-31,-12,
-29,-24,-30,-29,-19,-19,-65,-39,-62,-49,-51,-18,-10,42,3 0,28,13,14,2,3,4,3,0,
17,7,13,-25,164,203,336,324,995,992,1014,984,1038,1038,29995,29996,29997,
29998]} 1. d4 d5 2. Nf3 Nf6 3. Bg5 e6 4. Nbd2 Be7 5. e3 O-O 6. Bd3 c5 7. c3 Nc6
8. Qe2 b6 9. h4 h6 10. Ne5 Bb7 11. f4 Nxe5 12. fxe5 Ne4 13. Bxe7 Qxe7 14. Rh3
f5 15. O-O-O c4 16. Bxe4 fxe4 17. g4 Rf7 18. g5 Raf8 19. gxh6 gxh6 20. Qh5 Kh7
21. Rg3 Rg7 22. Rdg1 Rfg8 23. Rxg7+ Rxg7 24. Rf1 Bc6 25. Rf6 Rg1+ 26. Kc2 Be8
27. Rxh6+ Kg7 28. Rh7+ Kf8 29. Qh6+ Rg7 30. Rh8+ Kf7 31. Qf4+ 1-0

[Event "55smm B Taufers-Tramin/Kaltern2"]
[Site "?"]
[Date "2024.03.09"]
[Round "9.4"]
[White "Kugler, Walter"]
[Black "Dallaglio, Giovanni"]
[Result "1-0"]
[WhiteElo "1602"]
[BlackElo "1862"]
[PlyCount "87"]
[EventDate "2024.03.09"]

{[%evp 0,65,18,22,40,44,62,71,66,47,77,52,109,102,92,93,128,148,244,266,229,
198,268,250,352,304,361,335,335,251,300,298,544,269,259,27 3,279,279,299,299,
330,339,344,345,368,367,369,376,382,382,407,386,420,421,449,435,425,475,475,
439,567,628,641,676,681,676,688,6 96]} 1. e4 d5 2. exd5 Qxd5 3. Nf3 Bg4 4. Be2
e6 5. Nc3 Qd7 6. Ne5 Bxe2 7. Qxe2 Qd8 8. Qf3 Qf6 9. Qxb7 Qxe5+ 10. Kd1 c6 11.
Re1 Qd6 12. Ne4 Qd7 13. Qxa8 Qc7 14. d4 Ne7 15. Nc5 Nd5 16. Qb7 Bxc5 17. Qxc7
Nxc7 18. dxc5 Nba6 19. Bf4 Nd5 20. Bd6 Kd7 21. a3 Nac7 22. c4 Nf6 23. Kc2 a5
24. b4 a4 25. f3 h5 26. Red1 Nfe8 27. Rd2 Kc8 28. Rad1 Nf6 29. Be7 Re8 30. Rd8+
Kb7 31. Bxf6 gxf6 32. Rxe8 Nxe8 33. Rd7+ Kc8 34. Rxf7 Kd8 35. Ra7 e5 36. Rxa4
Nc7 37. Ra7 Ne6 38. Rh7 Nd4+ 39. Kd3 f5 40. Rxh5 Ke7 41. Rh7+ Kf6 42. a4 Kg5
43. a5 Kg6 44. Rd7 1-0